| 000 | 00000nam##2200000za#4500 |
| 001 | 9.558313 |
| 003 | CaOODSP |
| 005 | 20230131161132 |
| 007 | cr ||||||||||| |
| 008 | 150406|2003||||xxc|||||o f|0| 0 eng|d |
| 020 | |a0-662-33306-3 |
| 040 | |aCaOODSP|beng |
| 043 | |an-cn--- |
| 086 | 1 |aM44-2003/A11E-IN |
| 110 | 2 |aGeological Survey of Canada. |
| 245 | 10|aOverview of the Atlin Integrated Geoscience Project, northwestern British Columbia, year three / |h[electronic resource]|c[by] C. Lowe, M.G. Mihalynuk, R.G. Anderson, D. Canil, F. Cordey, J.M. English, M. Harder, S.T. Johnson, M.J. Orchard, J.K. Russell, H. Sano, and M.E. Villeneuve. |
| 260 | |aOttawa - Ontario : |bNatural Resources Canada. |c2003. |
| 300 | |a12p.|bmaps (some coloured), references, photographs |
| 490 | 1 |aCurrent research 2003|v2003-A11 |
| 500 | |aIncorrect catalogue number (M44-2003/A11-IN) printed in this publication. |
| 546 | |a(Résumé en français.) |
| 590 | |a14-04-Supp|b2014-02-05 |
| 830 | #0|aCurrent research (Geological Survey of Canada)|v2003-A11|w(CaOODSP)9.506236 |
| 856 | 40|ahttp://publications.gc.ca|qPDF|s1.21 MB|uhttps://publications.gc.ca/collections/collection_2013/rncan-nrcan/M44-2003-A11-eng.pdf|y2003-A11 |